Stres v práci manažéra bakalárska práca

Guardado en:
Detalles Bibliográficos
Autor principal: Martinkovič, Maroš
Autor Corporativo: Fakulta podnikového manažmentu EU. Katedra manažmentu
Otros Autores: Matkovčíková, Natália, 1982-
Formato: Libro
Lenguaje:eslovaco
Publicado: Bratislava 2018
Etiquetas: Agregar Etiqueta
Sin Etiquetas, Sea el primero en etiquetar este registro!

MARC

LEADER 00000nbm a2200000 4500
001 0244782
005 20180918144530.0
041 0 |a slo 
044 |a SK 
245 1 0 |a Stres v práci manažéra  |b bakalárska práca  |c Maroš Martinkovič ; školiteľ: Natália Matkovčíková 
264 1 |a Bratislava  |c 2018 
300 |a 57 s. 
100 1 |a Martinkovič, Maroš 
700 1 |a Matkovčíková, Natália, 1982- 
710 2 |a Fakulta podnikového manažmentu EU. Katedra manažmentu